000 00460nam a2200169Ia 4500
008 230917s9999||||xx |||||||||||||| ||und||
020 _cRS450
040 _e256897
_aMAIN
041 _aEnglish
082 _a515.33 S19D
100 _aShanti Narayan
245 0 _aDifferential calculus
260 _aNew Delhi
_bS Chand
_c2018
300 _axi, 572 p.
500 _a3559 01/08/2019 APD19/1099880 09/08/2019 Pharmaceutical Sciences (Non- Plan)
942 _cBK
999 _c32167
_d32167